[Event "23rd ETCC Open 2021"]
[Site "Catez"]
[Date "2021.11.14"]
[Round "3.45"]
[White "Agopov, Mikael"]
[Black "Lenic, Luka"]
[Result "1/2-1/2"]
[WhiteElo "2430"]
[BlackElo "2633"]
[Annotator "TA"]
[PlyCount "46"]
[EventDate "2021.11.08"]
[EventType "team-tourn"]
[EventCountry "SLO"]
[SourceTitle "playchess.com"]
[Source "ChessBase"]
[SourceQuality "1"]
[WhiteTeam "Finland"]
[BlackTeam "Slovenia"]
[WhiteTeamCountry "FIN"]
[BlackTeamCountry "SLO"]

{[%evp 15,46,24,47,22,21,18,39,25,27,4,15,12,14,7,18,17,10,8,7,3,18,8,26,20,12,
10,16,0,0,0,34,0,0]} 1. e4 {Marin,M} e5 2. Nf3 Nc6 3. Bb5 a6 4. Ba4 Nf6 5. O-O
b5 6. Bb3 Bc5 7. a4 Rb8 8. axb5 axb5 9. Nxe5 {[%mdl 64] [#] Remove Defender 9.
Nxe5 scores better than 9.c3. C78: Ruy Lopez: Archangelsk and Möller Defences.}
Nxe5 10. d4 Bxd4 11. Qxd4 {White is slightly better.} d6 12. f4 Nc6 13. Qd3 O-O
14. Nc3 Nb4 15. Qd2 Be6 16. Bxe6 fxe6 17. Qe2 Qe8 18. Be3 Qh5 {[#] White must
now prevent ...Qxe2.} 19. Rf3 Nc6 20. Ra6 {[#]} Nb4 $146 ({Predecessor:} 20...
b4 21. Nd1 Ne7 22. Nf2 Qb5 23. Qxb5 Rxb5 24. Bd4 Nh5 25. Nh3 Ng6 26. Ra7 Rc8
27. Rf1 e5 28. fxe5 Nxe5 29. Bxe5 dxe5 30. Nf2 {1/2-1/2 (55) Naiditsch,A (2684)
-Leko,P (2734) Dortmund 2010 CBM 138 [Marin,M]}) 21. Ra1 Nc6 22. Ra6 Nb4 23.
Ra1 Nc6 {A rather calm draw.  Weighted Error Value: White=0.07/Black=0.02}
1/2-1/2

[Event "23rd ETCC Open 2021"]
[Site "Catez"]
[Date "2021.11.14"]
[Round "3.46"]
[White "Borisek, Jure"]
[Black "Koykka, Pekka"]
[Result "1-0"]
[WhiteElo "2595"]
[BlackElo "2353"]
[Annotator "TA"]
[PlyCount "57"]
[EventDate "2021.11.08"]
[EventType "team-tourn"]
[EventCountry "SLO"]
[SourceTitle "playchess.com"]
[Source "ChessBase"]
[SourceQuality "1"]
[WhiteTeam "Slovenia"]
[BlackTeam "Finland"]
[WhiteTeamCountry "SLO"]
[BlackTeamCountry "FIN"]

{[%evp 9,57,20,13,18,17,14,11,14,8,3,37,32,23,25,23,14,18,37,7,16,17,-13,0,0,0,
-14,29,-14,103,110,296,137,298,167,174,181,164,166,149,165,464,460,638,634,610,
608,599,599,498,484]} 1. e4 c6 2. d4 d5 3. e5 c5 4. dxc5 e6 5. Nf3 Bxc5 6. Bd3
{B12: Caro-Kann: Advance Variation.} Ne7 7. O-O Ng6 8. c3 $5 {[%mdl 4] The
position is equal. 8.Nbd2 is setting a new trend. A promising side line.} Nc6
9. Re1 Qc7 {[%cal Rg6e5]} 10. Qe2 a6 11. h4 {[#]} f6 $146 ({Predecessor:} 11...
Qd8 12. g3 b5 13. Nbd2 Bb6 14. Nf1 Bc7 15. Bxg6 hxg6 16. N1h2 Bb7 17. Bg5 Qd7 {
1/2-1/2 (40) Niebling,F (2127)-Spitzner,F (1794) Bad Sooden 2014}) 12. exf6
gxf6 13. c4 {Threatens to win with cxd5.} d4 14. a3 a5 15. h5 Nf4 {[%cal Rf4e2]
} 16. Bxf4 Qxf4 17. Nbd2 e5 18. Be4 Bg4 (18... O-O $11) 19. Qd3 $16 {Strongly
threatening g3.} Bxh5 $2 {[#]} (19... Ra6 $16) 20. g3 (20. Qb3 $1 $18 {[%cal
Rb3b7] and the rest is easy.} Rc8 21. Qb5) 20... Qh6 $2 {Black cannot hold the
game after this.} (20... Qg4 $16) 21. Bxc6+ (21. Qb3 $142) 21... bxc6 $18 22.
Nxe5 fxe5 23. Rxe5+ {[%mdl 64] Double Attack} Be7 24. Rae1 $36 {[%mdl 2048]
Keeping Black busy.} ({Don't play} 24. Qxd4 $6 Rd8 $11) 24... Ra7 (24... O-O
25. Rxe7 Rad8) 25. Qxd4 {White is clearly winning.} Rd7 {[#]} 26. Rxe7+ $1 {
[%mdl 576] Discovered Attack} Rxe7 27. Qxh8+ Kf7 28. Rxe7+ Kxe7 29. Qe5+ {
Weighted Error Value: White=0.19/Black=0.59} 1-0

[Event "23rd ETCC Open 2021"]
[Site "Catez"]
[Date "2021.11.14"]
[Round "3.47"]
[White "Nyysti, Sampsa"]
[Black "Sebenik, Matej"]
[Result "1/2-1/2"]
[WhiteElo "2325"]
[BlackElo "2509"]
[Annotator "ChessBase"]
[PlyCount "73"]
[EventDate "2021.11.08"]
[EventType "team-tourn"]
[EventCountry "SLO"]
[SourceTitle "playchess.com"]
[Source "ChessBase"]
[SourceQuality "1"]
[WhiteTeam "Finland"]
[BlackTeam "Slovenia"]
[WhiteTeamCountry "FIN"]
[BlackTeamCountry "SLO"]
[TimeControl "40/5400+30:1800+30"]

1. e4 c5 2. Nf3 d6 3. d4 cxd4 4. Nxd4 Nf6 5. Nc3 g6 6. Bc4 Bg7 7. O-O O-O 8.
Bb3 Nc6 9. Re1 Bd7 10. Bg5 Re8 11. Qd2 Nxd4 12. Qxd4 Bc6 13. Qe3 b5 14. Nd5 a5
15. Bxf6 exf6 16. Qd3 a4 17. Nb4 axb3 18. Nxc6 Qd7 19. Nb4 bxa2 20. c3 f5 21.
Qd5 Qe6 22. Qxe6 Rxe6 23. f3 fxe4 24. Rxe4 Rxe4 25. fxe4 Re8 26. Rxa2 Rxe4 27.
Ra8+ Bf8 28. Kf2 Kg7 29. Rb8 Re5 30. Nc6 Rf5+ 31. Ke2 Rh5 32. h3 Rg5 33. Kf3
Rf5+ 34. Ke2 Rg5 35. Kf3 Rf5+ 36. Ke2 Rg5 37. Kf3 1/2-1/2

[Event "23rd ETCC Open 2021"]
[Site "Catez"]
[Date "2021.11.14"]
[Round "3.48"]
[White "Janzelj, Tim"]
[Black "Ronka, Erik"]
[Result "1/2-1/2"]
[WhiteElo "2474"]
[BlackElo "2321"]
[Annotator "TA"]
[PlyCount "201"]
[EventDate "2021.11.08"]
[EventType "team-tourn"]
[EventCountry "SLO"]
[SourceTitle "playchess.com"]
[Source "ChessBase"]
[SourceQuality "1"]
[WhiteTeam "Slovenia"]
[BlackTeam "Finland"]
[WhiteTeamCountry "SLO"]
[BlackTeamCountry "FIN"]

{[%evp 9,201,9,9,2,6,8,12,-33,-21,-36,10,10,13,0,11,11,20,8,32,9,29,25,77,35,
34,31,30,0,0,0,0,-2,0,-2,0,0,6,0,0,4,22,20,26,7,25,0,0,0,0,-9,-12,-13,-7,-3,18,
0,0,0,0,0,0,-14,-4,-30,29,-104,-104,-119,-131,-117,-102,-116,-112,-378,-219,
-224,-245,-239,-238,-241,-189,-306,-100,-280,-45,-133,-85,-123,-100,-111,-82,
-229,-195,-226,-204,-163,-189,-172,-184,-191,-207,-204,0,0,182,195,187,178,199,
202,183,190,194,195,178,181,173,0,0,0,49,0,147,0,181,169,304,299,289,252,204,
33,33,34,36,0,0,0,0,0,0,0,0,0,0,0,0,0,0,0,0,0,0,0,0,0,0,0,0,0,0,0,0,0,0,0,0,0,
0,0,0,0,0,0,0,0,0,0,0,0,0,0,0,0,0,0,0,-28000,-28000,-28000,-28000,-28000,
-28000,-28000]} 1. e4 c5 2. Nf3 e6 3. b3 a6 4. Bb2 Nc6 5. c4 Nf6 6. e5 {
B40: Sicilian: 2...e6, Unusual lines.} Ng4 7. h3 Nh6 8. g3 {[#] The position
is equal.} d6 $146 ({Predecessor:} 8... Nf5 9. Bg2 Be7 10. O-O O-O 11. g4 Nfd4
12. Bxd4 cxd4 13. d3 d6 14. exd6 Bxd6 {1/2-1/2 (41) Colas,J (2285)-Fogarasi,T 
(2367) Budapest 2019}) 9. exd6 f6 10. d4 cxd4 11. Nxd4 Nxd4 12. Qxd4 {With the
idea c5.} Nf5 13. Qd2 Bxd6 14. Bg2 Qb6 15. Nc3 {[%cal Bb1c3,Bc3a4,Ba4b6][%mdl
32]} O-O (15... Bd7 $1 $11 {remains equal.}) 16. Na4 Qc7 17. c5 Be5 (17... Bxc5
$2 18. Rc1 $18) 18. Nb6 Rb8 19. Rc1 Rd8 20. Qe2 Bxb2 21. Qxb2 Bd7 22. Nxd7 Rxd7
23. O-O Nd4 24. b4 Qe5 25. Kh1 h5 26. Rce1 Qc7 27. Re4 Rbd8 $1 28. Rd1 {
[%cal Re4d4]} e5 29. Rde1 g6 30. Qc3 Kh7 31. a3 Nf5 32. Qc4 Rd2 33. R4e2 R2d4
34. Qe6 Kg7 35. Be4 Nh6 36. Bg2 h4 (36... R8d7 $142) 37. Be4 (37. gxh4 $11 {
keeps the balance.} Rxh4 38. Re4) 37... hxg3 $17 38. fxg3 f5 39. Bg2 e4 40. g4
{White wants to play gxf5.} Rd1 41. g5 $2 {[%mdl 8192]} (41. Qb3 $17 R1d3 42.
Qb2+ Kh7 43. Qf6) 41... Ng8 (41... Nf7 $142 {And now ...Qg3! would win.} 42.
Qb3 R1d3 43. Qb2+ Kf8) 42. Qb3 R1d3 {[%cal Rd3b3]} 43. Qb2+ Kh7 44. Rf1 Rd1 45.
Qb3 (45. Ref2 $142) 45... Rxf1+ $1 $19 46. Bxf1 Rd7 $2 (46... Qf4 $1 $19 {
[%cal Rf4f1]} 47. Re1 Qxg5) 47. Qe3 (47. Rf2 $15) 47... Rd3 $17 48. Qf2 Rf3 (
48... Rxa3 $6 49. Rd2 $11) 49. Qh4+ Kg7 50. Kg2 (50. Rf2 $17 Rxa3 51. Rd2)
50... Qd8 ({Resist} 50... Rxa3 51. Rd2 $15) 51. Rf2 Qd4 ({Weaker is} 51... Rxa3
52. Qf4 $15) 52. Be2 Rxa3 53. Qf4 Qc3 54. Qc7+ Kh8 55. Qh2 e3 $2 ({Black
should play} 55... Ne7 $19 56. h4 Kg7) 56. Rf4 $1 $11 {[%cal Rf4h4] Intending
Rh4+ and mate.} Qd2 $2 (56... Qe1 $11 {and Black is okay.} 57. Rh4+ Qxh4 58.
Qe5+ Nf6 59. Qxf6+ Kh7 60. Qf7+ Kh8 61. Qf6+ Kh7 62. Qf7+ Kh8 63. Qf6+) 57.
Rh4+ $18 Kg7 58. Qc7+ Kf8 59. Qb8+ Kg7 60. Qxb7+ Kf8 61. Qb8+ Kg7 62. Qc7+ Kf8
{[#]} 63. Qc8+ $2 (63. Qd6+ $1 $18 Kg7 64. Qxd2 exd2 65. Rd4) 63... Kg7 $11 64.
Qb7+ Kf8 65. Qb8+ (65. Qa8+ $14 Kg7 66. Qa7+ Kf8 67. Qa8+ Kg7 68. Qb7+) 65...
Kg7 $16 66. Qc7+ Kf8 {[#]} 67. Qd6+ $1 Qxd6 (67... Kg7 {keeps fighting.} 68.
Qxd2 exd2) 68. cxd6 $18 {[%mdl 4096] Endgame KRB-KRN} Ra2 69. Kf3 Rd2 70. Rc4
$2 ({Don't do} 70. Kxe3 $6 Rxd6 71. Bc4 Ne7 $14) (70. Bxa6 $18 Rxd6 71. Bc4)
70... Rxd6 $14 71. Rc8+ Kg7 72. Re8 {Black must now prevent Bc4.} Rd4 73. Kxe3
Rxb4 74. Bxa6 Kf7 75. Rc8 {Hoping for Bc4+.} Re4+ 76. Kf3 {Bc4+ is the strong
threat.} Ne7 77. Bc4+ Kg7 78. Rc7 Kf8 79. Bd3 Rd4 80. Bc4 Ke8 81. Bb5+ Kd8 82.
Ra7 (82. Rc1 {looks sharper.} Nd5 83. Rc6 Nf4 84. h4 Ke7 85. Rc7+) 82... Rd5
83. Ba4 (83. Ra8+ {is more complex.} Kc7 84. Be8 Rd3+ 85. Kg2 f4 86. Ra4) 83...
Nc8 84. Rg7 (84. Rb7 {is interesting.} Rd3+ 85. Ke2 Rd4 86. Bc6 Ne7 87. Bg2)
84... Ne7 85. Kg3 Rd3+ 86. Kg2 Re3 87. Bd1 Kd7 88. h4 Ke6 89. Bf3 Rc3 90. h5
gxh5 91. Bxh5 f4 92. Bg4+ Kd6 {Threatens to win with ...Rg3+.} 93. Kf2 Rg3 94.
Bf3 Nf5 95. Rg8 Ke6 96. Re8+ Kf7 97. Re4 Rxg5 98. Rxf4 $2 {[%mdl 8192]} (98.
Ra4 $11) 98... Kf6 {Mate.} 99. Be4 Ke5 100. Rxf5+ Rxf5+ 101. Bxf5 {[%mdl 32768]
What a fight!  Weighted Error Value: White=0.25/Black=0.28. An unexpected
result.} 1/2-1/2

[Event "23rd ETCC Open 2021"]
[Site "Catez"]
[Date "2021.11.14"]
[Round "3.49"]
[White "Bogner, Sebastian"]
[Black "Jobava, Baadur"]
[Result "0-1"]
[WhiteElo "2574"]
[BlackElo "2582"]
[Annotator "ChessBase"]
[PlyCount "96"]
[EventDate "2021.11.08"]
[EventType "team-tourn"]
[EventCountry "SLO"]
[SourceTitle "playchess.com"]
[Source "ChessBase"]
[SourceQuality "1"]
[WhiteTeam "Switzerland"]
[BlackTeam "Georgia"]
[WhiteTeamCountry "SUI"]
[BlackTeamCountry "GEO"]
[TimeControl "40/5400+30:1800+30"]

1. e4 c5 2. Nf3 Nc6 3. Nc3 Nf6 4. d4 cxd4 5. Nxd4 e5 6. Ndb5 d6 7. Bg5 a6 8.
Na3 Be6 9. Nc4 Rb8 10. a4 Be7 11. Bxf6 Bxf6 12. Nxd6+ Kf8 13. Nc4 Bg5 14. Bd3
h5 15. O-O h4 16. Re1 Rh6 17. Bf1 h3 18. g3 Qxd1 19. Raxd1 Bxc4 20. Bxc4 Nd4
21. f4 Rc6 22. Bb3 Nxb3 23. cxb3 exf4 24. gxf4 Bxf4 25. Rd3 Rg6+ 26. Kh1 Rg2
27. Rxh3 Rxb2 28. Nd5 Bh6 29. Rf3 Rc8 30. e5 Rd2 31. Nb6 Rcc2 32. e6 Rxh2+ 33.
Kg1 f6 34. e7+ Ke8 35. Nd5 Rcg2+ 36. Kf1 Rh1+ 37. Kxg2 Rxe1 38. Rh3 Kf7 39. Rd3
Re2+ 40. Kf3 Rd2 41. Rxd2 Bxd2 42. Ke4 a5 43. Kf5 g6+ 44. Ke4 Bg5 45. Kd4 f5
46. Kc5 Bxe7+ 47. Kb6 g5 48. Kxa5 Ke6 0-1

[Event "23rd ETCC Open 2021"]
[Site "Catez"]
[Date "2021.11.14"]
[Round "3.50"]
[White "Paichadze, Luka"]
[Black "Pelletier, Yannick"]
[Result "1/2-1/2"]
[WhiteElo "2551"]
[BlackElo "2564"]
[Annotator "ChessBase"]
[PlyCount "120"]
[EventDate "2021.11.08"]
[EventType "team-tourn"]
[EventCountry "SLO"]
[SourceTitle "playchess.com"]
[Source "ChessBase"]
[SourceQuality "1"]
[WhiteTeam "Georgia"]
[BlackTeam "Switzerland"]
[WhiteTeamCountry "GEO"]
[BlackTeamCountry "SUI"]
[TimeControl "40/5400+30:1800+30"]

1. e4 e6 2. d4 d5 3. e5 c5 4. c3 Nc6 5. Nf3 Qb6 6. a3 c4 7. Nbd2 f6 8. Be2 fxe5
9. Nxe5 Nxe5 10. dxe5 Bc5 11. O-O Ne7 12. b4 cxb3 13. Nxb3 O-O 14. Nxc5 Qxc5
15. Bd2 Qc7 16. c4 Qxe5 17. Bb4 Rf7 18. Bf3 d4 19. Re1 Qc7 20. Qxd4 Nf5 21. Qe4
Rb8 22. Rad1 Bd7 23. Bh5 g6 24. Bg4 Re8 25. Bc3 Bc6 26. Qe2 h5 27. Bh3 Qf4 28.
Be5 Qg5 29. Rd3 Qh4 30. Qd2 Kh7 31. Bxf5 exf5 32. f4 Qe7 33. Rd6 Qf8 34. Re3
Rfe7 35. Red3 Qf7 36. Qc3 Rd7 37. Rf6 Qe7 38. Rxd7 Qxd7 39. h3 Re6 40. Rf8 Re8
41. Rf6 Re6 42. Rxe6 Qxe6 43. Kh2 Kg8 44. Qd3 Qd7 45. Qg3 Kf7 46. Qg5 Qe7 47.
Qh6 Qe6 48. c5 Bd5 49. Qh8 Ke7 50. Qb8 Bc6 51. Bd6+ Kd7 52. Qc7+ Ke8 53. Qg7 a6
54. Bc7 Qf7 55. Qh8+ Qf8 56. Qd4 Qe7 57. Bd6 Qe6 58. Qg7 Bd5 59. Qf8+ Kd7 60.
Qg7+ Ke8 1/2-1/2

[Event "23rd ETCC Open 2021"]
[Site "Catez"]
[Date "2021.11.14"]
[Round "3.51"]
[White "Georgiadis, Nico"]
[Black "Pantsulaia, Levan"]
[Result "1/2-1/2"]
[WhiteElo "2553"]
[BlackElo "2571"]
[Annotator "ChessBase"]
[PlyCount "123"]
[EventDate "2021.11.08"]
[EventType "team-tourn"]
[EventCountry "SLO"]
[SourceTitle "playchess.com"]
[Source "ChessBase"]
[SourceQuality "1"]
[WhiteTeam "Switzerland"]
[BlackTeam "Georgia"]
[WhiteTeamCountry "SUI"]
[BlackTeamCountry "GEO"]
[TimeControl "40/5400+30:1800+30"]

1. e4 c5 2. Nf3 e6 3. d4 cxd4 4. Nxd4 a6 5. Nc3 b5 6. Bd3 Bb7 7. O-O Nc6 8.
Nxc6 Bxc6 9. Re1 Ne7 10. Bf1 Ng6 11. Be3 Qc7 12. Nd5 Bxd5 13. exd5 Bc5 14. c4
Bxe3 15. Rxe3 bxc4 16. dxe6 dxe6 17. Qa4+ Qd7 18. Qa3 Ne7 19. Bxc4 O-O 20. Rd3
Qc7 21. b3 a5 22. Qd6 Rfc8 23. Rad1 Qxd6 24. Rxd6 g5 25. a4 Ng6 26. Rb6 Ne5 27.
Bf1 Kg7 28. Rb5 Kf6 29. Rd4 Ng6 30. g3 Rc2 31. Rc4 Rb2 32. Rc3 h6 33. Kg2 g4
34. Re3 Ne7 35. Re2 Rb1 36. Re4 h5 37. Rxh5 Rxb3 38. Rxg4 Nf5 39. Bb5 Rd8 40.
Rf4 Kg6 41. g4 Rd2 42. Rhxf5 exf5 43. Rxf5 Rd6 44. h4 Rf6 45. Rg5+ Kh7 46. Be2
Rb2 47. Bf3 Ra6 48. Rc5 Kg7 49. Bc6 Ra7 50. Bb5 Rb4 51. Kg3 Re7 52. Rg5+ Kf8
53. Rf5 Kg7 54. Rg5+ Kf8 55. Rf5 Kg7 56. g5 Re1 57. h5 Rg1+ 58. Kf3 Rbg4 59.
h6+ Kf8 60. h7 Rh4 61. Bd3 Rxh7 62. Rxa5 1/2-1/2

[Event "23rd ETCC Open 2021"]
[Site "Catez"]
[Date "2021.11.14"]
[Round "3.52"]
[White "Quparadze, Giga"]
[Black "Baenziger, Fabian"]
[Result "1-0"]
[WhiteElo "2475"]
[BlackElo "2403"]
[Annotator "ChessBase"]
[PlyCount "83"]
[EventDate "2021.11.08"]
[EventType "team-tourn"]
[EventCountry "SLO"]
[SourceTitle "playchess.com"]
[Source "ChessBase"]
[SourceQuality "1"]
[WhiteTeam "Georgia"]
[BlackTeam "Switzerland"]
[WhiteTeamCountry "GEO"]
[BlackTeamCountry "SUI"]
[TimeControl "40/5400+30:1800+30"]

1. e4 c5 2. Nf3 d6 3. d4 cxd4 4. Nxd4 Nf6 5. Nc3 a6 6. Nb3 g6 7. Be2 Bg7 8. Be3
Nc6 9. Nd5 O-O 10. Bb6 Qd7 11. f3 e6 12. Nxf6+ Bxf6 13. c3 Bh4+ 14. g3 Bd8 15.
Be3 b5 16. Qd2 Ne5 17. Bh6 Re8 18. O-O-O Nc4 19. Bxc4 bxc4 20. Qd4 e5 21. Qxc4
Rb8 22. h4 a5 23. Rh2 a4 24. Nc5 Qe7 25. Bg5 Qc7 26. Qxa4 Bxg5+ 27. hxg5 Qe7
28. Rxd6 Bh3 29. Qd1 Red8 30. Rxd8+ Rxd8 31. Qg1 Qxg5+ 32. Kc2 Bc8 33. a4 f5
34. Qc1 Qe7 35. b4 fxe4 36. fxe4 Bb7 37. Qf1 Bc8 38. Qc4+ Kg7 39. a5 Qd6 40.
Qd3 Qf6 41. Qe3 Qf7 42. Kb2 1-0

[Event "23rd ETCC Open 2021"]
[Site "Catez"]
[Date "2021.11.14"]
[Round "3.53"]
[White "Adams, Michael"]
[Black "Vocaturo, Daniele"]
[Result "1/2-1/2"]
[WhiteElo "2714"]
[BlackElo "2632"]
[Annotator "TA"]
[PlyCount "60"]
[EventDate "2021.11.08"]
[EventType "team-tourn"]
[EventCountry "SLO"]
[SourceTitle "playchess.com"]
[Source "ChessBase"]
[SourceQuality "1"]
[WhiteTeam "England"]
[BlackTeam "Italy"]
[WhiteTeamCountry "ENG"]
[BlackTeamCountry "ITA"]

{[%evp 13,60,9,19,10,18,19,24,13,26,0,0,0,0,-20,-4,-8,0,0,0,0,0,0,0,0,0,0,0,0,
0,0,0,0,0,0,0,-12,0,0,0,0,9,7,6,0,5,0,0,0,0]} 1. e4 c5 2. Nf3 d6 3. d4 cxd4 4.
Nxd4 Nf6 5. Nc3 a6 6. g3 e5 7. Nb3 Be6 8. Bg2 {B91: Sicilian Najdorf: 6 g3.} h5
9. Bg5 Nbd7 {[#]} 10. f4 $146 {White has an edge.} ({Predecessor:} 10. Qd2 Be7
11. O-O-O b5 12. f4 Qc7 13. Nd5 Bxd5 14. exd5 O-O 15. Na5 Rfe8 16. Nc6 exf4 17.
gxf4 {0-1 (30) Tsaruk,M (2324)-Dobrov,V (2478) Chess.com INT 2021}) 10... Rc8
11. Qd2 Be7 {The position is equal.} 12. O-O-O b5 13. Rde1 Nb6 14. Rhf1 Qc7 15.
Nd5 $1 {[%cal Rd5c7]} Nfxd5 16. exd5 Nxd5 17. Bxd5 Bxd5 18. Bxe7 Kxe7 19. fxe5
dxe5 {Threatens to win with ...f6.} 20. Rf2 Bxb3 {[%mdl 64] [#] Pin} 21. Qg5+
$1 (21. axb3 f6 $17) 21... Kf8 22. axb3 Re8 23. Rf5 {[%cal Rf5e5]} e4 24. Rf4
e3 25. Rf3 e2 26. Rf2 Rh6 ({But not} 26... Re5 27. Rfxe2 Rxe2 28. Rxe2 $16) 27.
Rfxe2 Rxe2 28. Rxe2 Rf6 {[#] Strongly threatening ...Rf1+.} 29. Qe3 {[%csl Ge2]
[%cal Re3e8]} Rf1+ 30. Re1 Rxe1+ {Not much happened in this game.  Weighted
Error Value: White=0.03/Black=0.04} 1/2-1/2

[Event "23rd ETCC Open 2021"]
[Site "Catez"]
[Date "2021.11.14"]
[Round "3.54"]
[White "Moroni, Luca Jr"]
[Black "Jones, Gawain C B"]
[Result "1/2-1/2"]
[WhiteElo "2580"]
[BlackElo "2654"]
[Annotator "TA"]
[PlyCount "61"]
[EventDate "2021.11.08"]
[EventType "team-tourn"]
[EventCountry "SLO"]
[SourceTitle "playchess.com"]
[Source "ChessBase"]
[SourceQuality "1"]
[WhiteTeam "Italy"]
[BlackTeam "England"]
[WhiteTeamCountry "ITA"]
[BlackTeamCountry "ENG"]

{[%evp 9,61,0,10,0,21,22,20,19,29,20,28,-8,-1,-37,-10,-14,14,-32,-18,-25,-32,
-35,-22,-31,0,0,0,0,0,0,0,0,0,0,0,0,0,0,0,0,0,0,0,0,0,0,0,0,0,0,0,0,0,0]} 1. e4
e5 2. Nf3 Nc6 3. Bb5 Nf6 4. d3 Bc5 5. Bg5 h6 6. Bh4 {C65: Ruy Lopez: Berlin
Defence (3...Nf6), unusual lines and 4 0-0 Bc5.} Nd4 7. Nxd4 Bxd4 8. c3 Bb6 9.
Nd2 {[#]} O-O $146 ({Predecessor:} 9... c6 10. Ba4 O-O 11. O-O d5 12. Kh1 Bc7
13. Qf3 g5 14. Bg3 Bg4 15. Qe3 Nh5 {0-1 (31) Schiavon Vendramini,C (1758)
-Vicente,C (1500) Altinopolis 2013}) 10. Nc4 d5 $36 {[%mdl 2048] Black is more
active.} 11. Nxe5 c6 12. Ba4 dxe4 (12... Qe7 $5 {[%cal Re7e5]} 13. d4 c5 $11)
13. O-O exd3 (13... g5 $5 14. Bg3 $8 exd3 $11) 14. Bb3 g5 15. Bg3 Bf5 {With
the idea ...h5.} 16. Re1 d2 17. Re2 {The position is equal.} Ne4 18. Bc2 Nxg3
19. hxg3 Qf6 {[#] Hoping for ...Rfe8.} 20. Bxf5 Qxf5 21. Nc4 Rfd8 (21... Bc7 {
feels hotter.} 22. Qxd2 Rad8 23. Qe1 Qd7 24. a4 Rfe8) 22. Nxb6 axb6 23. Rxd2
Qf6 24. a4 Kg7 25. Rd7 c5 26. Rxd8 Rxd8 27. Qc2 Qe6 28. Rd1 Rxd1+ 29. Qxd1 Qa2
30. b3 Qb2 31. c4 {Not much happened in this game.  Weighted Error Value:
White=0.05/Black=0.05} 1/2-1/2

[Event "23rd ETCC Open 2021"]
[Site "Catez"]
[Date "2021.11.14"]
[Round "3.55"]
[White "Howell, David W L"]
[Black "Sonis, Francesco"]
[Result "0-1"]
[WhiteElo "2648"]
[BlackElo "2536"]
[Annotator "TA"]
[PlyCount "156"]
[EventDate "2021.11.08"]
[EventType "team-tourn"]
[EventCountry "SLO"]
[SourceTitle "playchess.com"]
[Source "ChessBase"]
[SourceQuality "1"]
[WhiteTeam "England"]
[BlackTeam "Italy"]
[WhiteTeamCountry "ENG"]
[BlackTeamCountry "ITA"]

{[%evp 14,156,33,25,37,35,34,35,43,39,43,32,38,44,47,37,43,30,87,73,83,41,64,
14,2,12,40,-31,-34,-106,-105,-114,-116,-106,-114,-181,-187,-180,-194,-183,-172,
-172,-181,-266,-275,-271,-276,-275,-268,-279,-279,-289,-276,-299,-284,-299,
-295,-292,-262,-264,-218,-214,-202,-228,-228,-250,-250,-245,-242,-228,-212,
-213,-181,-213,-175,-146,-150,-130,-102,-250,-250,-339,-339,-325,-333,-298,
-274,-351,-355,-480,-480,-480,-480,-480,-480,-480,-480,-480,-476,-480,-480,
-550,-528,-534,-534,-527,-480,-480,-444,-480,-480,-480,-480,-461,-439,-550,
-604,-655,-605,-597,-583,-593,-581,-547,-507,-550,-533,-629,-533,-533,-533,
-503,-492,-696,-691,-745,-745,-706,-681,-770,-770,-740,-733,-763,-711]} 1. e4
c6 2. d4 d5 3. Nd2 dxe4 4. Nxe4 Nf6 5. Nxf6+ exf6 6. c3 Bd6 7. Bd3 O-O 8. Qc2
Re8+ {B15: Caro-Kann: 3 Nc3: 3...g6 and 3...dxe4 4 Nxe4 Nf6 5 Nxf6+ exf6.} 9.
Ne2 h5 10. O-O h4 {White is slightly better.} 11. h3 Nd7 {[%cal Bb8d7,Bd7f8,
Bf8e6,Be6c5,Bc5d3,Bd3f4][%mdl 32]} 12. Be3 Nf8 13. c4 Bd7 {[#]} 14. Rfe1 $146 (
{Predecessor:} 14. a3 Rc8 15. b4 Bb8 16. Qd2 Qc7 17. g3 Bxh3 18. Rfe1 Qd7 19.
Nf4 Bf5 20. Qc2 Bxd3 21. Qxd3 {0-1 (39) Vidruska,R (2000)-Gunina,V (2446)
Chess.com INT 2021}) 14... Qc8 15. Nf4 Qc7 (15... Ne6 $11 {keeps the balance.}
16. Nh5 Nf8) 16. Nh5 $16 Ne6 17. Qd2 Qd8 18. d5 cxd5 19. cxd5 Nc5 {[#]} 20. Bd4
(20. Bh6 $1 $14 Bf8 21. Rxe8 Bxe8 22. Bb1 $1) 20... Nxd3 $15 21. Rxe8+ (21.
Bxf6 $15 Rxe1+ 22. Rxe1 gxf6 23. Qh6) 21... Qxe8 $17 22. Nxg7 Qe4 {[%mdl 64]
And now ...Bxh3 would win. Double Attack} (22... Kxg7 23. Qg5+ Kh7 24. Qxh4+
Kg6 25. Qxf6+ Kh5 26. Be3 $18) 23. Nh5 {White threatens Qh6! and mate.} Be7 $1
(23... Qxd4 $2 24. Qh6 $18) 24. Bxf6 {[#]} (24. Nxf6+ $17 {is a better defense.
} Bxf6 25. Bxf6) 24... Nf4 $1 $19 {[%csl Gf4][%cal Re4g2][%mdl 512]} 25. f3
Bc5+ (25... Qxd5 26. Qxd5 Nxd5 27. Bxe7 $14) 26. Kh1 Qe3 27. Qxe3 Bxe3 28. Nxf4
(28. Bg5 $142 Nxh5 {[%mdl 64] Discovered Attack} 29. Bxe3) 28... Bxf4 29. Bxh4
Rc8 30. Bf6 Rc2 31. Rd1 Kh7 32. Bc3 Kg6 33. a3 f6 34. Re1 Bg3 35. Rb1 Kf5 36.
Kg1 Be5 37. Bxe5 Kxe5 {[%mdl 4096] Endgame KRB-KR} 38. h4 Kxd5 39. Kh2 Ke6 40.
Kg3 Kf5 41. b4 Kg6 42. Rd1 Bc6 43. Rd4 Ra2 44. Rg4+ Kf7 45. h5 Ra1 46. Kh2 {
This costs White the game.} (46. h6 $17 {was necessary.}) 46... Rd1 $1 ({
Weaker is} 46... Rxa3 47. h6 $15) 47. h6 {[#]} Rd7 $1 48. Rg7+ Kf8 49. Rg6 ({
But not} 49. Rxd7 Bxd7 50. g4 Kg8 $19) 49... Rf7 50. Kg3 {[#]} Ke7 $1 51. Rg4
Rh7 {Black is clearly winning.} 52. Rh4 ({And not} 52. Rg7+ Rxg7+ 53. hxg7 Kf7
$19) 52... Kf7 53. Kf4 Kg6 54. Rg4+ Kxh6 55. Rg8 Rg7 56. Rh8+ Kg6 57. Rc8 Rd7
58. Ke3 Re7+ 59. Kf2 Kf5 60. Rh8 Ke5 61. Ke3 a6 62. Rh5+ Ke6 63. Rc5 Rg7 64. g4
Rh7 65. Kf4 Rd7 66. Rc3 Rd4+ 67. Ke3 Rd1 68. Kf4 Kd5 69. Ke3 Re1+ 70. Kd2 Re8
71. Rc5+ Kd6 72. Rf5 Re6 73. Rf4 (73. f4 $142) 73... Ke7 74. Rf5 Re5 75. Rf4
Kf7 76. a4 Bxa4 77. Rc4 Bc6 78. Rc3 Kg6 {Weighted Error Value: White=0.19/
Black=0.07} 0-1